Statistiken für Die wärmsten Städte Europas

Klicken Sie hier um das Quiz zu spielen!

Allgemein

  • Dieses Quiz wurde 288 mal gespielt
  • Das Durchschnittsergebnis liegt bei 9 aus 10

Antwortstatistiken

LandØ Max-Temp. in °CStadt% Korrekt
Griechenland30,7Athen
98%
Italien30,4Rom
97%
Türkei28,6Istanbul
94%
Spanien29,6Madrid
94%
Albanien30,2Tirana
87%
Frankreich29,0Marseille
85%
Italien29,0Neapel
83%
Malta29,6Valetta
76%
Mazedonien29,1Skopje
75%
Montenegro30,6Podgorica
65%

Verteilung der Resultate

Perzentil nach korrekt beantworteten Fragen

Anzahl Personen mit jedem Resultat

Ihre Resultats-Entwicklung

Sie haben dieses Quiz noch nicht gespielt